Análisis transaccional I : (Record no. 192946)

MARC details
000 -LEADER
campo de control de longitud fija 01112nam a2200325 i 4500
001 - NÚMERO DE CONTROL
campo de control 192946
003 - IDENTIFICADOR DE NÚMERO DE CONTROL
campo de control SpMaBN
005 - FECHA Y HORA DE LA ÚLTIMA TRANSACCIÓN
campo de control 20240526062942.0
008 - DATOS DE LONGITUD FIJA--INFORMACIÓN GENERAL
campo de control de longitud fija 080227s2007 sp | |||| 000 spa
017 ## - NÚMERO DE COPYRIGHT O DE DEPÓSITO LEGAL
Número de copyright o de depósito legal M 22962-2007
Agencia que asigna Oficina Depósito Legal Madrid
020 ## - NÚMERO INTERNACIONAL ESTÁNDAR DEL LIBRO
Número Internacional Estándar del Libro 9788498421088
035 ## - NÚMERO DE CONTROL DEL SISTEMA
Número de control de sistema (OCoLC)433443901
040 ## - FUENTE DE CATALOGACIÓN
Lengua de catalogación spa
Centro/agencia transcriptor SpMaBN
Normas de descripción rdc
080 ## - NÚMERO DE LA CLASIFICACIÓN DECIMAL UNIVERSAL
Número de la Clasificación Decimal Universal 615.851
100 1# - ENTRADA PRINCIPAL--NOMBRE DE PERSONA
Nombre de persona Massó Cantarero, Francisco,
Fechas asociadas al nombre 1946-
Número de control del registro de autoridad o número normalizado XX1647177
9 (RLIN) 226310
245 10 - MENCIÓN DEL TÍTULO
Título Análisis transaccional I :
Resto del título cómo nos hacemos persona /
Mención de responsabilidad, etc. Francisco Massó Cantarero
260 ## - PUBLICACIÓN, DISTRIBUCIÓN, ETC.
Lugar de publicación, distribución, etc. Madrid:
Nombre del editor, distribuidor, etc. CCS,
Fecha de publicación, distribución, etc. [2007]
300 ## - DESCRIPCIÓN FÍSICA
Extensión 294 páginas :
Otras características físicas gráficos ;
Dimensiones 24 cm
490 1# - MENCIÓN DE SERIE
Mención de serie Campus ;
Designación de volumen o secuencia 49
500 ## - NOTA GENERAL
Nota general Índice
500 ## - NOTA GENERAL
Nota general Glosario
504 ## - NOTA DE BIBLIOGRAFÍA, ETC.
Nota de bibliografía, etc. Bibliografía: páginas 293-294
650 #0 - PUNTO DE ACCESO ADICIONAL DE MATERIA--TÉRMINO DE MATERIA
Término de materia o nombre geográfico como elemento de entrada Análisis transaccional
9 (RLIN) 233665
830 ## - PUNTO DE ACCESO ADICIONAL DE SERIE-TÍTULO UNIFORME
Título uniforme Campus ;
Designación de volumen o secuencia 49
9 (RLIN) 184231
852 ## - LOCALIZACIÓN
Ubicación ES-MaACL
Sublocalización o colección R. 153094
Ubicación en estantería Depósito J
Donativo/Legado Donación: Francisco Massó Cantarero
Número de control de estantería N-8491
itemnumber 200249
903 ## - NOMBRE PERSONAL DE DONANTE
9 226310
a Massó Cantarero, Francisco,
d 1946-
e Donante
942 ## - ELEMENTOS DE ENTRADA SECUNDARIOS (KOHA)
Tipo de ítem Koha Libro impreso
Suprimir en OPAC No
Holdings
Estatus retirado Estado de pérdida Fuente del sistema de clasificación o colocación Estado de daño No para préstamo Biblioteca de origen Biblioteca actual Ubicación en estantería Fecha de adquisición Fuente de adquisición Total de préstamos Signatura topográfica completa Código de barras Visto por última vez Tipo de ítem Koha
    Clasificación decimal universal     Biblioteca del Ateneo de Madrid Biblioteca del Ateneo de Madrid Depósito J 11/05/2021 Donación   N-8491 101205542 12/07/2023 Libro impreso